000
00248nam a2200097Ia 4500
001
1253765
005
20251031151000.0
008
251031s9999 xx 000 0 und d
245
0
_c
HAVVA KINAY
_a
X-11 STEVE JOBS GİBİ YAP
260
_b
BETA YAYINLARI
999
_c
1253765
_d
1253765